[Event "Niederbayernliga 1213"]
[Site "Bayern"]
[Date "2012.10.14"]
[Round "1.7"]
[White "Hannes, Maximilian Jr"]
[Black "Walentukiewicz, Jan"]
[Result "0-1"]
[WhiteElo "1524"]
[BlackElo "1447"]
[PlyCount "74"]
[EventDate "2012.10.14"]
[EventType "team-tourn"]
[EventRounds "9"]
[EventCountry "GER"]
[SourceTitle "EXT 2023"]
[Source "ChessBase"]
[SourceDate "2022.10.05"]
[SourceVersion "1"]
[SourceVersionDate "2022.10.05"]
[SourceQuality "1"]
[WhiteTeam "Regen/Viechtach"]
[BlackTeam "Straubing SC"]
[WhiteTeamCountry "GER"]
[BlackTeamCountry "GER"]

1. d4 Nf6 2. Bf4 Nh5 3. Bd2 g6 4. e4 Bg7 5. c3 d6 6. Be2 Nf6 7. Qc2 b6 8. Nf3 Bb7 9. Bd3 0-0 10. 0-0 Nbd7 11. Re1 e6 12. Qc1 c5 13. h3 Rc8 14. dxc5 Nxc5 15. Qc2 d5 16. e5 Nfe4 17. b4 Nxd3 18. Qxd3 f6 19. exf6 Bxf6 20. Nd4 Bxd4 21. Qxd4 Rxf2 22. Rxe4 Rxd2 23. Nxd2 dxe4 24. Qxd8+ Rxd8 25. Nf1 Ba6 26. Ne3 Rd3 27. Nd1 e3 28. Rc1 e2 29. Nf2 Rxc3 30. Re1 Ra3 31. Ne4 Rxa2 32. Nd6 Rd2 33. b5 Rxd6 34. bxa6 Rd1 35. Kf2 Rxe1 36. Kxe1 Kf7 37. Kxe2 Kf6 0-1